000 00306nam a2200145Ia 4500
100 _aLeBLOND GROUP
942 _cRB
654 _alinux
245 _aUsing Linux System V:Release 3
260 _bMcGraw-Hill
_aNew York
_c1990
082 _a5.13
_bLeB
300 _a490
546 _aENGLISH
999 _c19907
_d19907